[Event "Moscow-Open 2021_B"]
[Site "Moscow"]
[Date "2021.02.26"]
[Round "7.22"]
[White "Dryaeva, Lana"]
[Black "Bubeeva, Larisa"]
[Result "0-1"]
[WhiteElo "1404"]
[BlackElo "1810"]
[PlyCount "142"]
[EventDate "2021.02.20"]

1. Nf3 Nf6 2. b3 d5 3. Bb2 e6 4. e3 c5 5. Be2 Nc6 6. d4 Be7 7. O-O O-O 8. c4 b6
9. Nbd2 Bb7 10. Rc1 Rc8 11. Ne5 cxd4 12. Nxc6 Bxc6 13. exd4 Ne4 14. a3 a5 15.
Bd3 f5 16. f3 Nxd2 17. Qxd2 dxc4 18. bxc4 Bg5 19. f4 Bf6 20. Qe3 Qd6 21. Bc2
Rfd8 22. Rcd1 Bb7 23. Bb3 Be4 24. Rf2 a4 25. Ba2 Kh8 26. Rfd2 Qc7 27. g4 Qb7
28. g5 Be7 29. Re1 Bd6 30. Rf2 Qe7 31. h4 h6 32. Rh2 Kh7 33. Qg3 Qf7 34. Rf2
hxg5 35. hxg5 Kg6 36. Rh2 Qc7 37. Rf1 Rh8 38. Bc1 Rxh2 39. Kxh2 Rh8+ 40. Kg1
Qc6 41. Kf2 Bd3 42. Qxd3 Rh2+ 43. Ke1 Rxa2 44. Kd1 Qg2 45. Re1 Qg4+ 46. Re2 Ra1
47. Kc2 Bxf4 48. Bb2 Rg1 49. Rxe6+ Kxg5 50. d5 Qg2+ 51. Re2 Qf1 52. Re7 Rg2+
53. Kc3 Qxd3+ 54. Kxd3 Rxb2 55. Rxg7+ Kf6 56. Rb7 Rb3+ 57. Kc2 Bd6 58. c5 bxc5
59. Rxb3 axb3+ 60. Kxb3 c4+ 61. Kxc4 Bxa3 62. Kd3 Ke5 63. Ke3 Kxd5 64. Kf4 Ke6
65. Kf3 Ke5 66. Ke3 Bc5+ 67. Kf3 f4 68. Ke2 Ke4 69. Ke1 Kf3 70. Kf1 Bb4 71. Kg1
Ke2 0-1

[Event "Moscow-Open 2021_B"]
[Site "Moscow"]
[Date "2021.02.26"]
[Round "7.24"]
[White "Laukhina, Margarita A."]
[Black "Shestakova, Ekaterina"]
[Result "0-1"]
[WhiteElo "1761"]
[BlackElo "1959"]
[PlyCount "70"]
[EventDate "2021.02.20"]

1. d4 d5 2. c4 c6 3. Nf3 Nf6 4. g3 g6 5. Bg2 Bg7 6. O-O O-O 7. Nbd2 Bf5 8. Qb3
Qc8 9. Ne5 Be6 10. c5 Nbd7 11. Nd3 b6 12. Qc3 bxc5 13. Nxc5 Nxc5 14. Qxc5 Nd7
15. Qxe7 Bxd4 16. Nf3 Bg7 17. Qh4 Bf5 18. g4 Bc2 19. Ne1 Bd1 20. Bf3 Ne5 21.
Bh6 Nxf3+ 22. exf3 Be2 23. Bxg7 Kxg7 24. Nc2 Bxf1 25. Rxf1 Qd8 26. g5 f6 27.
Nd4 Qd6 28. f4 fxg5 29. fxg5 c5 30. Qh6+ Kg8 31. Ne2 Rae8 32. Ng3 Qf4 33. h4
Re1 34. Nh1 Rxf1+ 35. Kxf1 Qh2 0-1

[Event "Moscow-Open 2021_B"]
[Site "Moscow"]
[Date "2021.02.26"]
[Round "7.25"]
[White "Zvereva, Margarita"]
[Black "Shenker, Angelina"]
[Result "1-0"]
[WhiteElo "1937"]
[BlackElo "1652"]
[PlyCount "97"]
[EventDate "2021.02.20"]

1. d4 Nf6 2. Nf3 g6 3. Nbd2 c5 4. e3 cxd4 5. exd4 Bg7 6. Bd3 O-O 7. O-O d5 8.
c3 Nc6 9. Re1 Qc7 10. Nf1 a6 11. a4 Bd7 12. Ng3 e6 13. Bd2 Rfc8 14. b4 Be8 15.
Qb3 Nd7 16. Rac1 Qd6 17. Be3 Nb6 18. a5 Nc4 19. Bxc4 dxc4 20. Qc2 f5 21. Qd2
Bf7 22. Bf4 Qd7 23. Ne5 Nxe5 24. Bxe5 Rd8 25. Bxg7 Kxg7 26. Re5 Rac8 27. Ne2
Qc7 28. Rc5 Qd6 29. Rxc8 Rxc8 30. Qe3 Re8 31. f4 Qd5 32. Re1 Rd8 33. Ng3 Qb5
34. Qf2 Rd5 35. Nf1 Qc6 36. Nd2 Rd8 37. Nf3 Rc8 38. Ne5 Qb5 39. Qh4 Qe8 40. Re3
h5 41. Qe1 Bg8 42. Qe2 Qb5 43. Rg3 Bh7 44. Qxh5 Qe8 45. Qe2 Qb5 46. h4 Kf6 47.
h5 gxh5 48. Qxh5 Bg8 49. Qh4# 1-0

[Event "Moscow-Open 2021_B"]
[Site "Moscow"]
[Date "2021.02.26"]
[Round "7.26"]
[White "Volchkova, Alena"]
[Black "Kvachko, Anastasiya"]
[Result "1/2-1/2"]
[WhiteElo "1539"]
[BlackElo "1882"]
[PlyCount "81"]
[EventDate "2021.02.20"]

1. e4 e6 2. d4 d5 3. Nc3 dxe4 4. Nxe4 Bd7 5. Nf3 Bc6 6. Bd3 Nd7 7. O-O Ngf6 8.
Ng3 Be7 9. Qe2 O-O 10. c3 b6 11. Re1 Bd6 12. Ne5 Bxe5 13. dxe5 Nxe5 14. Bxh7+
Kxh7 15. Qxe5 Rh8 16. Bf4 Kg8 17. Rad1 Nd5 18. Bg5 Qc8 19. c4 Nb4 20. a3 Nc2
21. Re2 Qb7 22. Rxc2 Ba4 23. Rcd2 Bxd1 24. Rxd1 Qc6 25. Be3 Qxc4 26. Rd4 Qc2
27. h3 c5 28. Rg4 Qd1+ 29. Nf1 Rh7 30. Bh6 g6 31. Rxg6+ fxg6 32. Qxe6+ Kh8 33.
Qf6+ Kg8 34. Qxg6+ Kh8 35. Bd2 Rd7 36. Qf6+ Kg8 37. Qg6+ Rg7 38. Qe6+ Rf7 39.
Qg6+ Rg7 40. Qe6+ Rf7 41. Qg6+ 1/2-1/2

[Event "Moscow-Open 2021_B"]
[Site "Moscow"]
[Date "2021.02.26"]
[Round "7.27"]
[White "Kiseleva, Arina"]
[Black "Tsamalaidze, Liana"]
[Result "1-0"]
[WhiteElo "2035"]
[BlackElo "1446"]
[PlyCount "49"]
[EventDate "2021.02.20"]

1. d4 d5 2. Nf3 Nf6 3. c4 e6 4. Nc3 c6 5. e3 Bd6 6. Qc2 O-O 7. Bd2 Nbd7 8.
O-O-O a5 9. e4 dxe4 10. Nxe4 Nxe4 11. Qxe4 Nf6 12. Qh4 Be7 13. Bd3 c5 14. Bc3
cxd4 15. Bxd4 g6 16. Qh6 Qc7 17. Kb1 Rd8 18. Be5 Qc5 19. h4 Ne8 20. Ng5 Bxg5
21. Qxh7+ Kf8 22. Qh8+ Ke7 23. hxg5 Bd7 24. Bxg6 Qxf2 25. Rhf1 1-0

[Event "Moscow-Open 2021_B"]
[Site "Moscow"]
[Date "2021.02.26"]
[Round "7.28"]
[White "Khachatryan, Marieta"]
[Black "Lyutsinger, Iren"]
[Result "1-0"]
[WhiteElo "1830"]
[BlackElo "1415"]
[PlyCount "89"]
[EventDate "2021.02.20"]

1. Nf3 Nf6 2. c4 g6 3. Nc3 Bg7 4. e4 d6 5. d4 O-O 6. Be2 c5 7. O-O Nc6 8. d5
Na5 9. Bf4 Bg4 10. b3 Nh5 11. Bd2 Nf4 12. Rc1 Nxe2+ 13. Qxe2 e5 14. h3 Bd7 15.
Ne1 f5 16. Nd3 f4 17. f3 b6 18. Nd1 Nb7 19. b4 g5 20. bxc5 Nxc5 21. Nxc5 bxc5
22. Rb1 Rb8 23. Nf2 h5 24. Qd3 Qf6 25. Qa3 g4 26. fxg4 hxg4 27. hxg4 Qh4 28.
Qh3 Bf6 29. Ba5 Kf7 30. Rxb8 Rxb8 31. Bc7 Qxh3 32. gxh3 Rb2 33. Bxd6 Rxa2 34.
Bxc5 Bh4 35. Nd3 Kf6 36. Bd6 Bg3 37. Bxe5+ Kg5 38. Bxf4+ Bxf4 39. Nxf4 Rc2 40.
c5 Rxc5 41. Ne6+ Bxe6 42. dxe6 Kh4 43. Rf5 Rc7 44. Kg2 Re7 45. Rh5# 1-0

[Event "Moscow-Open 2021_B"]
[Site "Moscow"]
[Date "2021.02.26"]
[Round "7.29"]
[White "Zavivaeva, Emilia"]
[Black "Novikova, Daria"]
[Result "1-0"]
[WhiteElo "1826"]
[BlackElo "1430"]
[PlyCount "63"]
[EventDate "2021.02.20"]

1. d4 d5 2. Nf3 Nf6 3. e3 c6 4. Bd3 Bg4 5. O-O Nbd7 6. b3 e5 7. dxe5 Nxe5 8.
Be2 Bxf3 9. Bxf3 Bd6 10. Be2 O-O 11. Bb2 Qe7 12. c4 Rad8 13. Qc2 Ne4 14. Nc3
Nxc3 15. Qxc3 f5 16. Rad1 Bb8 17. cxd5 cxd5 18. Qa5 Nc6 19. Qa4 Rfe8 20. Bf3
Qf7 21. Rd2 Ne5 22. Bxd5 Rxd5 23. Rxd5 Nf3+ 24. gxf3 Qg6+ 25. Kh1 Qh5 26. Qxe8+
Qxe8 27. Rfd1 Qh5 28. f4 Qf3+ 29. Kg1 g5 30. Rd7 Bc7 31. Rc1 Qe2 32. Rdxc7 1-0

[Event "Moscow-Open 2021_B"]
[Site "Moscow"]
[Date "2021.02.26"]
[Round "7.31"]
[White "Efimova, Darya"]
[Black "Barkasheva, Sofia"]
[Result "1-0"]
[WhiteElo "1364"]
[BlackElo "1634"]
[PlyCount "111"]
[EventDate "2021.02.20"]

1. d4 Nf6 2. Nf3 g6 3. Nc3 d5 4. Bf4 c6 5. e3 Bg7 6. Bd3 O-O 7. Ne5 Nh5 8. Be2
Nxf4 9. exf4 f6 10. Nd3 Nd7 11. Bg4 f5 12. Bf3 Bxd4 13. Ne2 Bg7 14. O-O Qc7 15.
c3 e5 16. fxe5 Nxe5 17. Nxe5 Bxe5 18. h4 Qd8 19. Qb3 Be6 20. Qxb7 Qxh4 21. g3
Qc4 22. Qe7 Rfe8 23. Qg5 Qd3 24. Qe3 Qxe3 25. fxe3 Bc7 26. Kf2 Rab8 27. b3 Bb6
28. Nd4 Rbc8 29. Rac1 Kf7 30. Rfd1 Red8 31. c4 dxc4 32. bxc4 Bxd4 33. exd4 Kf6
34. Ke3 Rd6 35. Kd3 h5 36. Kc3 Kg5 37. Kb4 Rcd8 38. Kc5 f4 39. gxf4+ Kxf4 40.
Bxc6 h4 41. d5 Bg4 42. Rd4+ Kf3 43. Rc3+ Kf2 44. Rxg4 g5 45. Rxg5 Rh6 46. Rh3
Rf8 47. Rg4 Rfh8 48. d6 Rh5+ 49. Bd5 Rc8+ 50. Kd4 Rch8 51. c5 R5h6 52. Rf4+ Ke2
53. Re3+ Kd2 54. Rf2+ Kd1 55. Bb3+ Kc1 56. Re1# 1-0

[Event "Moscow-Open 2021_B"]
[Site "Moscow"]
[Date "2021.02.26"]
[Round "7.32"]
[White "Kalenichenko, Alina"]
[Black "Tumashevich, Elizaveta"]
[Result "1/2-1/2"]
[WhiteElo "1638"]
[BlackElo "1732"]
[PlyCount "90"]
[EventDate "2021.02.20"]

1. Nf3 Nf6 2. c4 g6 3. Nc3 d5 4. cxd5 Nxd5 5. e4 Nxc3 6. dxc3 Qxd1+ 7. Kxd1 Bg7
8. Bc4 Nd7 9. Bf4 c6 10. a4 Nc5 11. Nd2 Be6 12. Bxe6 Nxe6 13. Be3 O-O 14. Kc2
f5 15. exf5 gxf5 16. f3 Kf7 17. a5 Nc7 18. Nc4 Nd5 19. Bc5 Nf4 20. Rae1 Rfe8
21. g4 Ne6 22. Bf2 Ng5 23. Ne5+ Bxe5 24. Rxe5 e6 25. gxf5 exf5 26. Rhe1 Rxe5
27. Rxe5 Kg6 28. f4 Nf3 29. Re7 Nxh2 30. Rxb7 a6 31. Rc7 Ng4 32. Bd4 h5 33.
Rxc6+ Kf7 34. Rc7+ Kg6 35. Re7 h4 36. Re1 h3 37. Rh1 h2 38. c4 Re8 39. c5 Re4
40. Kc3 Rxf4 41. c6 Re4 42. c7 Re8 43. Bc5 Rc8 44. Bd6 Kg5 45. Bxh2 Nxh2
1/2-1/2

[Event "Moscow-Open 2021_B"]
[Site "Moscow"]
[Date "2021.02.26"]
[Round "7.33"]
[White "Yusupova, Elina"]
[Black "Zagrebina, Marina"]
[Result "1-0"]
[WhiteElo "1575"]
[BlackElo "1382"]
[PlyCount "93"]
[EventDate "2021.02.20"]

1. c4 Nf6 2. Nc3 e6 3. e4 d5 4. cxd5 exd5 5. e5 Nfd7 6. d4 c6 7. Bd3 Be7 8.
Nge2 Nb6 9. O-O O-O 10. Ng3 Na6 11. a3 Nc7 12. f4 f5 13. Na4 g6 14. Nc5 Nd7 15.
b4 a5 16. Bd2 Nxc5 17. dxc5 Ne6 18. Ne2 b6 19. cxb6 Qxb6+ 20. Kh1 axb4 21. axb4
Bb7 22. Rb1 Ra3 23. Rf3 Ba6 24. Bc1 Rxd3 25. Rxd3 Bxd3 26. Qxd3 Ra8 27. Be3 Qa6
28. Qc2 Qa2 29. Rb2 Qa1+ 30. Bg1 Qa6 31. g4 Qa4 32. gxf5 Qxc2 33. Rxc2 gxf5 34.
Rxc6 Nd8 35. Rb6 Ra4 36. Bc5 Bxc5 37. bxc5 Ra1+ 38. Kg2 Ra2 39. Kf3 Ra3+ 40.
Kf2 Kf7 41. Rd6 Ne6 42. Rxd5 Ra5 43. Rd7+ Ke8 44. c6 Rc5 45. Rd6 Ke7 46. Ke3
Nd8 47. Nd4 1-0

[Event "Moscow-Open 2021_B"]
[Site "Moscow"]
[Date "2021.02.26"]
[Round "7.34"]
[White "Khamnueva, Mariya"]
[Black "Shevtsova, Stefania"]
[Result "1-0"]
[WhiteElo "1426"]
[BlackElo "1654"]
[PlyCount "75"]
[EventDate "2021.02.20"]

1. e4 c6 2. d4 d5 3. exd5 cxd5 4. c4 Nc6 5. Nc3 Nf6 6. Nf3 Bg4 7. cxd5 Nxd5 8.
Be2 e6 9. O-O Be7 10. Nxd5 Qxd5 11. Be3 Bf6 12. Qd2 O-O 13. h3 Bh5 14. b3 Rfd8
15. Rad1 b5 16. Ne5 Bxe2 17. Qxe2 Nxe5 18. dxe5 Qxe5 19. Rxd8+ Rxd8 20. Rd1 a6
21. Rxd8+ Bxd8 22. Qd2 Bc7 23. g3 Qd6 24. Qc2 Qd7 25. Qe4 Qd1+ 26. Kh2 Qd5 27.
Qc2 Bd8 28. Qc8 Qd6 29. Bf4 Qb6 30. Be3 Qd6 31. Bf4 e5 32. Bxe5 Qd2 33. Kg2 Qa5
34. Qd7 Qb4 35. Qxd8+ Qf8 36. Qxf8+ Kxf8 37. Kf3 f6 38. Bc3 1-0

[Event "Moscow-Open 2021_B"]
[Site "Moscow"]
[Date "2021.02.26"]
[Round "7.35"]
[White "Gurgenidze, Aleksandra"]
[Black "Uzintseva, Daria"]
[Result "0-1"]
[WhiteElo "1399"]
[BlackElo "1326"]
[PlyCount "106"]
[EventDate "2021.02.20"]

1. d4 Nf6 2. c4 e6 3. Nc3 Bb4 4. Nf3 b6 5. e3 Bb7 6. Bd3 Bxc3+ 7. bxc3 Ne4 8.
O-O f5 9. Ba3 d6 10. Qc2 Nd7 11. d5 exd5 12. cxd5 Bxd5 13. c4 Bb7 14. Nd4 Ndf6
15. f3 Nc5 16. Bxf5 Qe7 17. Rfe1 O-O 18. Rad1 Bc8 19. Bxc8 Rfxc8 20. Nf5 Qf7
21. Qf2 Nfd7 22. e4 Ne5 23. Qg3 Kf8 24. Rd4 Qg6 25. Bxc5 bxc5 26. Rd5 Qxg3 27.
Nxg3 Nxc4 28. Rf5+ Kg8 29. Rg5 h6 30. Rg4 Ne5 31. Rh4 Rcb8 32. Nf5 Kh7 33. Re2
Rb1+ 34. Kf2 Rab8 35. g4 Ng6 36. Rh5 Nf4 37. Rh4 Nxe2 38. Kxe2 Kg6 39. Ne7+ Kf7
40. Nd5 c6 41. Nc3 R1b2+ 42. Ke3 Rc2 43. Kd3 Rbb2 44. f4 Rxh2 45. Rxh2 Rxh2 46.
Kc4 Rg2 47. e5 dxe5 48. fxe5 Rxg4+ 49. Kxc5 Ke6 50. Ne2 Kxe5 51. Kxc6 Ra4 52.
Kd7 Rxa2 53. Nc3 Rc2 0-1

[Event "Moscow-Open 2021_B"]
[Site "Moscow"]
[Date "2021.02.27"]
[Round "8.7"]
[White "Kovanova, Baira"]
[Black "Korchagina, Alena"]
[Result "1-0"]
[WhiteElo "2325"]
[BlackElo "2132"]
[PlyCount "73"]
[EventDate "2021.02.20"]

1. c4 c6 2. Nf3 d5 3. d4 Nf6 4. Nc3 a6 5. e3 b5 6. b3 Bg4 7. Be2 e6 8. O-O Nbd7
9. Bb2 Bd6 10. a4 bxc4 11. bxc4 O-O 12. h3 Bh5 13. Ne5 Bxe2 14. Nxe2 Qc7 15.
Nf3 Rab8 16. Qc2 Rb7 17. c5 Be7 18. Ng3 Qb8 19. Bc3 Rc8 20. Nd2 e5 21. Qd3 Qa7
22. dxe5 Nxc5 23. Qe2 Nfd7 24. Bd4 Qb8 25. f4 Nb3 26. Nxb3 Rxb3 27. Qg4 Nf8 28.
e6 Ng6 29. Nh5 Bf8 30. f5 Ne5 31. Qg3 Nc4 32. Nf6+ Kh8 33. Qh4 h6 34. Nd7 Qd6
35. Qxh6+ Kg8 36. Qg5 fxe6 37. fxe6 1-0

[Event "Moscow-Open 2021_B"]
[Site "Moscow"]
[Date "2021.02.27"]
[Round "8.8"]
[White "Danilova, Rada"]
[Black "Shafigullina, Zarina"]
[Result "1/2-1/2"]
[WhiteElo "2048"]
[BlackElo "2311"]
[PlyCount "87"]
[EventDate "2021.02.20"]

1. d4 Nf6 2. c4 e6 3. Nf3 b6 4. a3 Ba6 5. b3 d5 6. cxd5 exd5 7. g3 Bd6 8. Bg2
Ne4 9. Nfd2 f5 10. Nxe4 fxe4 11. O-O O-O 12. f3 exf3 13. Rxf3 Re8 14. Nc3 c6
15. Bf4 Bc8 16. Bxd6 Qxd6 17. Rf4 Be6 18. e4 Nd7 19. e5 Qe7 20. Qd3 Nf8 21. Rf2
Ng6 22. b4 Rad8 23. Re1 Rf8 24. Rxf8+ Qxf8 25. h4 Qe7 26. h5 Nf8 27. Qe3 h6 28.
Ne2 Bf7 29. Nf4 Ne6 30. Nxe6 Bxe6 31. Rc1 Rc8 32. Kh2 Qg5 33. Qxg5 hxg5 34. g4
Kf7 35. Kg3 Ke7 36. Bf1 Kd7 37. Be2 Rf8 38. b5 Rf4 39. Rxc6 Rxd4 40. Rd6+ Ke7
41. Rc6 Re4 42. Bf3 Rxe5 43. Rc7+ Kf6 44. Rxa7 1/2-1/2

[Event "Moscow-Open 2021_B"]
[Site "Moscow"]
[Date "2021.02.27"]
[Round "8.9"]
[White "Borisova, Ekaterina"]
[Black "Illina, Natalia"]
[Result "0-1"]
[WhiteElo "2256"]
[BlackElo "2081"]
[PlyCount "108"]
[EventDate "2021.02.20"]

1. d4 Nf6 2. c4 e6 3. g3 c5 4. d5 exd5 5. cxd5 b5 6. e4 Nxe4 7. Bg2 Nd6 8. Nf3
Qe7+ 9. Be3 Nc4 10. O-O Nxe3 11. fxe3 d6 12. e4 g6 13. e5 Bg7 14. Nc3 O-O 15.
exd6 Qxd6 16. Ne4 Qb6 17. a4 c4+ 18. Kh1 Bg4 19. axb5 Nd7 20. Qa4 Bxf3 21. Bxf3
Ne5 22. Nc3 Qe3 23. Rae1 Qc5 24. b4 Qd4 25. Ne2 Qd2 26. Rd1 Qe3 27. Ng1 Nd3 28.
Qc2 Rac8 29. Rb1 Rfd8 30. Ne2 Rd6 31. Nf4 Nxf4 32. gxf4 Qxf4 33. Rbe1 c3 34.
Bg2 Qd2 35. Re2 Qxc2 36. Rxc2 Be5 37. Ra1 Rc7 38. Kg1 Rc4 39. Ra4 Rf6 40. Bh3
Rd4 41. Ra1 Rxb4 42. Bf1 Rd6 43. Kg2 Bd4 44. Kf3 Rxd5 45. Bd3 Re5 46. Re2 Rxe2
47. Kxe2 Rb2+ 48. Kf3 Rxh2 49. Ke4 Bb6 50. Ra3 c2 51. Rc3 Rh3 52. Rxc2 Re3+ 53.
Kf4 Rxd3 54. Ke5 Kg7 0-1

[Event "Moscow-Open 2021_B"]
[Site "Moscow"]
[Date "2021.02.27"]
[Round "8.10"]
[White "Zeliantsova, Kseniya"]
[Black "Kochukova, Anna"]
[Result "0-1"]
[WhiteElo "2166"]
[BlackElo "2091"]
[PlyCount "124"]
[EventDate "2021.02.20"]

1. e4 c5 2. Nf3 e6 3. b3 Nc6 4. Bb2 d6 5. d4 cxd4 6. Nxd4 a6 7. Nc3 Be7 8. Qd2
Nf6 9. O-O-O Qc7 10. f4 Nd7 11. Be2 b5 12. Bf3 Nxd4 13. Qxd4 Qc5 14. Qd3 O-O
15. e5 d5 16. Rde1 Qc7 17. Kb1 Bb7 18. f5 Nc5 19. Qd4 exf5 20. Bxd5 Rad8 21. e6
f6 22. Re2 b4 23. Qxb4 Bxd5 24. Nxd5 Rxd5 25. Qc4 Qd6 26. Ba3 Rd1+ 27. Rxd1
Qxd1+ 28. Kb2 Qd6 29. Bxc5 Qxc5 30. Qxa6 Rd8 31. c3 Rc8 32. Rc2 g5 33. b4 Qc7
34. Qd3 f4 35. Qd7 Qxd7 36. exd7 Rd8 37. a4 Rxd7 38. a5 Rb7 39. Kb3 Kf7 40. Ka4
Ke6 41. Rd2 Bd6 42. b5 Bc5 43. c4 g4 44. Rd5 f3 45. gxf3 gxf3 46. Rd3 f2 47.
Rf3 Ke5 48. b6 f5 49. Kb5 Ke4 50. Rxf2 Bxf2 51. c5 Kd5 52. c6 Rxb6+ 53. axb6
Kd6 54. b7 Ba7 55. h3 f4 56. Kc4 Kxc6 57. Kd3 Kxb7 58. Ke4 Bb8 59. Kd3 Kc6 60.
Ke4 Kc5 61. h4 h5 62. Kf3 Kc4 0-1

[Event "Moscow-Open 2021_B"]
[Site "Moscow"]
[Date "2021.02.27"]
[Round "8.11"]
[White "Shukhman, Anna"]
[Black "Getman, Tatyana"]
[Result "1-0"]
[WhiteElo "1986"]
[BlackElo "2271"]
[PlyCount "69"]
[EventDate "2021.02.20"]

1. e4 c5 2. Nf3 d6 3. d4 cxd4 4. Nxd4 Nf6 5. Nc3 a6 6. h4 e5 7. Nb3 Be6 8. f4
b5 9. f5 Bc8 10. a4 b4 11. Nd5 Bb7 12. Bc4 Nbd7 13. Bg5 Be7 14. Qd3 O-O 15.
Bxf6 Nxf6 16. Nxf6+ Bxf6 17. O-O-O Bxh4 18. Bd5 Bg5+ 19. Kb1 Qc7 20. f6 gxf6
21. Nd2 Rfe8 22. Bb3 a5 23. Qh3 h6 24. Nf3 Bf4 25. g3 Be3 26. Rd3 Qb6 27. Re1
Bg5 28. Nxg5 hxg5 29. Qh6 Bxe4 30. Rxe4 Qg1+ 31. Ka2 d5 32. Bxd5 b3+ 33. Bxb3
Rad8 34. Qg6+ Kh8 35. Qxf6+ 1-0

[Event "Moscow-Open 2021_B"]
[Site "Moscow"]
[Date "2021.02.27"]
[Round "8.12"]
[White "Grigorieva, Yulia"]
[Black "Ilyina, Lada"]
[Result "1-0"]
[WhiteElo "2273"]
[BlackElo "1959"]
[PlyCount "104"]
[EventDate "2021.02.20"]

1. d4 Nf6 2. c4 g6 3. Nc3 Bg7 4. Nf3 O-O 5. Bg5 d6 6. e3 Nbd7 7. Be2 h6 8. Bh4
e5 9. O-O g5 10. dxe5 dxe5 11. Bg3 Qe7 12. Nd2 a5 13. Qc2 Nc5 14. Rad1 c6 15.
b3 Ne8 16. f3 f5 17. Kh1 Nc7 18. a3 f4 19. exf4 gxf4 20. Bf2 N5e6 21. Bd3 Nd4
22. Qb2 Bf5 23. Nde4 Nce6 24. b4 axb4 25. axb4 Bxe4 26. Nxe4 Ra4 27. c5 b5 28.
Nc3 Ra6 29. Rfe1 Qf7 30. Bb1 Rfa8 31. Ba2 Rxa2 32. Nxa2 Nxc5 33. Nc1 Nce6 34.
Nd3 Qf5 35. Qc3 Ra2 36. Bxd4 Nxd4 37. Rd2 Rxd2 38. Qxd2 Kf7 39. Ra1 Kg6 40. Ra7
Bf6 41. Qd1 Qe6 42. Nf2 Qc4 43. Qb1+ Qc2 44. Qxc2+ Nxc2 45. Nd3 h5 46. Rc7 Nd4
47. Nc5 Bd8 48. Rd7 Bh4 49. Rd6+ Kg7 50. Ne6+ Nxe6 51. Rxe6 Bf6 52. Rxc6 Be7
1-0

[Event "Moscow-Open 2021_B"]
[Site "Moscow"]
[Date "2021.02.27"]
[Round "8.13"]
[White "Khachatryan, Nadezhda"]
[Black "Loskutova, Viktoriya"]
[Result "0-1"]
[WhiteElo "1665"]
[BlackElo "2096"]
[PlyCount "128"]
[EventDate "2021.02.20"]

1. Nf3 d5 2. d4 Nf6 3. c4 e6 4. e3 b6 5. b3 Bd6 6. Bd3 O-O 7. O-O Bb7 8. Bb2
Nbd7 9. Nbd2 Ne4 10. Qe2 f5 11. Rac1 a6 12. Ne5 Qe7 13. f4 c5 14. Ndf3 Ndf6 15.
Rfd1 Rfc8 16. Qe1 cxd4 17. exd4 Ba3 18. Qe2 Bxb2 19. Qxb2 Nh5 20. g3 Nhf6 21.
Bf1 Qb4 22. a3 Qd6 23. Bg2 Rc7 24. b4 dxc4 25. Nxc4 Qd8 26. Nce5 Rac8 27. Rxc7
Qxc7 28. Nd2 Qc2 29. Qxc2 Rxc2 30. Ndc4 Rxg2+ 31. Kxg2 Nc3+ 32. Kf1 Nxd1 33.
Nxb6 Ne3+ 34. Ke2 Nc2 35. Nec4 Nxd4+ 36. Ke3 Nb5 37. a4 Ng4+ 38. Kd2 Nc7 39. h4
Kf8 40. Nd7+ Ke7 41. Nc5 Bd5 42. Nb2 Nf6 43. Nbd3 Nh5 44. Ke3 Nxg3 45. Ne5 Ne4
46. Ncd3 Nc3 47. a5 Be4 48. Nc5 N3d5+ 49. Kd4 Nxb4 50. Nxe4 fxe4 51. Kxe4 Ncd5
52. f5 Nf6+ 53. Kf4 Nbd5+ 54. Kg5 Ne4+ 55. Kg4 exf5+ 56. Kxf5 Nd6+ 57. Kg5 Ke6
58. Nc6 Ne4+ 59. Kg4 g6 60. Nb8 Nb4 61. Kf4 Nf6 62. Kg5 Nd7 63. Nxd7 Kxd7 64.
Kh6 Ke6 0-1

[Event "Moscow-Open 2021_B"]
[Site "Moscow"]
[Date "2021.02.27"]
[Round "8.14"]
[White "Bubeeva, Larisa"]
[Black "Afanasieva, Alexandra"]
[Result "0-1"]
[WhiteElo "1810"]
[BlackElo "1997"]
[PlyCount "72"]
[EventDate "2021.02.20"]

1. d4 Nf6 2. c4 e6 3. Nf3 Bb4+ 4. Nbd2 b6 5. a3 Bxd2+ 6. Qxd2 Bb7 7. e3 d6 8.
Be2 Nbd7 9. O-O a5 10. b3 O-O 11. Bb2 Ne4 12. Qc2 f5 13. b4 Rf6 14. d5 Rg6 15.
dxe6 Nf8 16. c5 bxc5 17. bxc5 Nxc5 18. Qxf5 Nfxe6 19. Kh1 Be4 20. Qh5 Qe7 21.
Bc4 Rf8 22. Ne1 Rf5 23. Qe2 Bb7 24. f3 Rh5 25. e4 Qh4 26. g4 Rhh6 27. Bd5 Ba6
28. Nd3 Bxd3 29. Qd2 Bxf1 30. Rxf1 Kh8 31. Bc1 Nd3 32. Qa2 Nxc1 33. Rxc1 Qf6
34. Qb3 Nf8 35. Rxc7 Rxg4 36. Qd1 Rxh2+ 0-1

[Event "Moscow-Open 2021_B"]
[Site "Moscow"]
[Date "2021.02.27"]
[Round "8.15"]
[White "Tokmakova, Ulyana"]
[Black "Tarasenka, Aliaksandra"]
[Result "1/2-1/2"]
[WhiteElo "1882"]
[BlackElo "1995"]
[PlyCount "82"]
[EventDate "2021.02.20"]

1. c4 e5 2. Nc3 Nf6 3. Nf3 Nc6 4. g3 d5 5. cxd5 Nxd5 6. Bg2 Nde7 7. O-O g6 8.
Rb1 a5 9. a3 Bg7 10. b4 axb4 11. axb4 O-O 12. b5 Nd4 13. d3 h6 14. Nd2 c6 15.
bxc6 bxc6 16. Nde4 f5 17. Nc5 Qd6 18. Nb3 Be6 19. Nd2 Nd5 20. Nxd5 cxd5 21. Bb2
e4 22. Nb3 Nb5 23. Bxg7 Kxg7 24. dxe4 fxe4 25. Nd4 Nc3 26. Rb7+ Rf7 27. Rxf7+
Bxf7 28. Qd2 Qb4 29. Nc6 Qc4 30. Qd4+ Qxd4 31. Nxd4 Ra2 32. e3 Ne2+ 33. Nxe2
Rxe2 34. Bh3 Kf6 35. Rb1 Rd2 36. Rb6+ Ke7 37. Rb7+ Kf6 38. Rd7 Rd1+ 39. Kg2 Rd2
40. Rd6+ Ke7 41. Rd7+ Kf6 1/2-1/2

[Event "Moscow-Open 2021_B"]
[Site "Moscow"]
[Date "2021.02.27"]
[Round "8.16"]
[White "Nosacheva, Mariya"]
[Black "Zaitseva, Lyudmila"]
[Result "1-0"]
[WhiteElo "2222"]
[BlackElo "1852"]
[PlyCount "45"]
[EventDate "2021.02.20"]

1. d4 Nf6 2. c4 g6 3. Nc3 Bg7 4. e4 O-O 5. Be2 d6 6. Bg5 h6 7. Be3 c5 8. d5 e6
9. Qd2 exd5 10. exd5 g5 11. h4 gxh4 12. Bxh6 Ng4 13. Bg5 Bf6 14. Nf3 Bxg5 15.
Nxg5 Ne5 16. Rxh4 Nbd7 17. O-O-O Ng6 18. Rh6 Nf6 19. Rdh1 Bd7 20. f3 a6 21. Bd3
Kg7 22. Nxf7 Kxf7 23. Bxg6+ 1-0

[Event "Moscow-Open 2021_B"]
[Site "Moscow"]
[Date "2021.02.27"]
[Round "8.17"]
[White "Yurasova, Daria"]
[Black "Ponomareva, Varvara"]
[Result "1-0"]
[WhiteElo "2110"]
[BlackElo "1663"]
[PlyCount "97"]
[EventDate "2021.02.20"]

1. c4 e6 2. Nc3 Nf6 3. e3 d5 4. Nf3 c5 5. cxd5 exd5 6. d4 cxd4 7. Nxd4 a6 8.
Be2 Bd6 9. Bf3 Bc7 10. Qb3 Nc6 11. Nxd5 Ba5+ 12. Nc3 Nxd4 13. exd4 Qxd4 14. Be3
Qb4 15. Qxb4 Bxb4 16. O-O O-O 17. Na4 Nd7 18. Rfd1 Ne5 19. Bd5 Bf5 20. a3 Bc2
21. axb4 Bxd1 22. Rxd1 Rad8 23. Bg5 Rc8 24. Bxb7 Rc4 25. Be7 Re8 26. Bxa6 Rc7
27. Bd6 Ra7 28. Bb5 Rd8 29. Nc3 Rb7 30. f4 Ng4 31. Re1 h6 32. Bc5 Rd2 33. Bc6
Rc7 34. Nd5 Rxc6 35. Ne7+ Kh7 36. Nxc6 Rxb2 37. h3 Nf6 38. Bd4 Rc2 39. Bxf6
Rxc6 40. Bd4 Rc4 41. Bc5 Kg6 42. Rb1 Kf5 43. Bf2 Rc7 44. b5 Ke6 45. b6 Rb7 46.
Rd1 Rb8 47. Ra1 Kd6 48. Ra7 Ke6 49. f5+ 1-0

[Event "Moscow-Open 2021_B"]
[Site "Moscow"]
[Date "2021.02.27"]
[Round "8.18"]
[White "Porozhnyak, Maya"]
[Black "Korovina, Yana"]
[Result "1-0"]
[WhiteElo "1976"]
[BlackElo "1531"]
[PlyCount "75"]
[EventDate "2021.02.20"]

1. e4 c5 2. a3 g6 3. Nc3 Bg7 4. Bc4 d6 5. d3 Nc6 6. Nge2 e6 7. O-O Nge7 8. Bg5
O-O 9. Qd2 a6 10. Bh6 b5 11. Bxg7 Kxg7 12. Ba2 d5 13. Ng3 c4 14. Rad1 Qc7 15.
d4 h6 16. e5 Nf5 17. Nxf5+ gxf5 18. f4 Kh7 19. Ne2 Qe7 20. Rf3 Rg8 21. Rh3 Bb7
22. Ng3 Nb8 23. c3 Nd7 24. Bb1 Rxg3 25. hxg3 Rg8 26. Kf2 Qf8 27. Rdh1 Nb6 28.
Rh4 Rg6 29. g4 Bc8 30. g5 Qg8 31. Rxh6+ Rxh6 32. Rxh6+ Kg7 33. Qd1 Kf8 34. Qh1
Ke7 35. Rh8 Qg6 36. g4 a5 37. gxf5 exf5 38. Rh6 1-0

[Event "Moscow-Open 2021_B"]
[Site "Moscow"]
[Date "2021.02.27"]
[Round "8.19"]
[White "Shestakova, Ekaterina"]
[Black "Naumova, Alexandra"]
[Result "1-0"]
[WhiteElo "1959"]
[BlackElo "1800"]
[PlyCount "83"]
[EventDate "2021.02.20"]

1. e4 c6 2. c4 d5 3. cxd5 cxd5 4. exd5 Nf6 5. Bb5+ Nbd7 6. Nc3 g6 7. Nf3 Bg7 8.
O-O O-O 9. d4 Nb6 10. Ne5 Nfxd5 11. a4 Nc7 12. Be2 Be6 13. Bf3 Rb8 14. Re1 Nbd5
15. Ne4 Nf6 16. Nc5 Bd5 17. Bg5 Bxf3 18. Qxf3 Qxd4 19. Bxf6 exf6 20. Ned7 b6
21. Nxb8 bxc5 22. Qb7 Ne6 23. Nc6 Qg4 24. Ne7+ Kh8 25. Qe4 Qg5 26. Nd5 f5 27.
Qf3 Bxb2 28. Rab1 Bg7 29. Rb7 Qd2 30. Rd1 Qa5 31. Qb3 Nd4 32. Qc4 Re8 33. Ne3
Ne6 34. Rxf7 Bd4 35. Nc2 Nf4 36. Rxh7+ Kxh7 37. Qf7+ Kh6 38. Qxe8 Qc3 39. Nxd4
cxd4 40. g3 Nd3 41. Qh8+ Kg5 42. Qh4# 1-0